| 000 | 00859cam a22002651 4500 | ||
|---|---|---|---|
| 001 | 23156 | ||
| 003 | BD-RjUL | ||
| 005 | 20211209000910.0 | ||
| 008 | 140310s1947 enkacj 001 0 eng d | ||
| 035 | _a(BD-RjUL) 23221 | ||
| 040 |
_aHarvard Univ. Library _cOAU _dOCoLC _dDLC _dBD-RjUL _beng |
||
| 041 | _aeng | ||
| 082 | 0 | 0 |
_a923.554 _bBEI 1947 |
| 100 | 1 |
_aBeveridge, William Henry Beveridge, _d1879-1963. _98464 |
|
| 245 | 1 | 0 |
_aIndia called them / _cBeveridge Lord |
| 260 |
_aLondon : _bG. Allen & Unwin, _c1947 |
||
| 300 |
_aix, 418 p. : _billus., ports., geneal. table , _c23 cm. |
||
| 504 | _aIncludes Index | ||
| 600 | 1 | 0 |
_aBeveridge, Henry, _d1837-1929. _971388 |
| 600 | 1 | 0 |
_aBeveridge, Annette Susannah Akroyd, _d1842-1929. _971389 |
| 600 | 3 | 0 |
_aBeveridge family. _971390 |
| 942 |
_2ddc _cBK |
||
| 999 |
_c23156 _d23156 |
||